01306nam a2200265 a 450000100060000000300080000600500170001400800410003102000150007203500190008704000320010604100080013808200380014611000770018424503120026124601470057326000500072030000380077049000260080865100510083465100690088570000250095471000350097983000260101464207BD-RjUL20211209081300.0170126s1963 pk s o00| 0 eng  c: PRs.4.00 a(BD-RjUL)64337 aDLCcDLCdDLCdBD-RjULbeng aeng a304.609549021223bSUK 1963 (DCR) aPakistan.bMinistry of Home and Kashmir Affairs (Home Affairs Division).10aPopulation census of Pakistan, 1961 : bDistrict census report, Sukkur. Parts I-V : General description, general tables, housing tables, population tables, and village statistics / cPakistan. Ministry of Home and Kashmir Affairs (Home Affairs Division) ; Census organization (Pakistan) ; A. Rashid, [comp.] aDistrict census report, Sukkur :bParts I-V : General description, general tables, housing tables, population tables, and village statistics.  aKarachi : bManager of publications,c[1963]. avarious pagings :bIll. ;c25 cm. acensus, 61 ;vNo. 134 aPakistan (West Pakistan)zSukkurvCensus, 1961 aPakistan (West Pakistan)zSukkurxPopulation vStatistics y1961 aRashid, A. , [comp.] aCensus organization (Pakistan) acensus, 61 ;vNo. 134